000 00629nam a2200229Ia 4500
003 OSt
005 20220928103625.0
006 a|||||r|||| 00| 0
007 ta
008 220927b |||||||| |||| 00| 0 eng d
024 _a43116
037 _cTextual
040 _aSDCL
_cSDCL
_beng
041 _2eng
_aeng
082 _aO152,1J32:g, L33
100 _aShrivastav Dayanand Ed.
_9405782
245 0 _aTulsi pradakhsina.
260 _aCulcutta
_bBada Bazar Library Prakshan
_c1973
300 _a230p.
_ccm.
942 _hO152,1J32:g, L33
_cTEXL
_2CC
999 _c721400
_d721400